000 00404nam a2200181Ia 4500
005 20240823052052.0
008 240823s9999||||xx |||||||||||||| ||und||
041 _aENGLISH
082 _A420
100 _a"Ramappa,K"
245 0 _aEssential English Grammar Usage and Compoition
250 _a1st
260 _b#VALUE!
500 _aYES
650 _aENG
_bEnglish
942 _cBK
999 _c221011
_d221011